00995nam a2200253 i 450000100060000000300080000600500170001400800390003102000150007003500190008504000320010404100130013608200250014910000340017424501010020826000730030930000560038260000340043865000400047265100540051294200120056699900170057895201460059523719BD-RjUL20211209000949.0140311r19471935pauaf 000 0aeng a0841472823 a(BD-RjUL)23784 aDLCcDLCdDLCdBD-RjULbeng1 aenghger00a953.004927bRAB 19471 aRaswan, Carl Reinhard.97302510aBlack tents of Arabia :b(my life among the Bedouins) /cCarl R. Raswan ; photos. by the author. aFolcroft, Pa. :bFolcroft Library Editions,cc1935 [Reprinted 1947]. axvi, 206 p., [8] leaves of plates :bill. ;c23 cm.10aRaswan, Carl Reinhard.973031 0aBedouinszArabian Peninsula.973027 0aArabian PeninsulaxDescription and travel.958777 2ddccBK c23719d23719 00102ddc40728NFICaRUCLbRUCLcReadingd1966-09-27eAH. Quarishig14.40l0o953.004927 RAB 1947r2014-03-11 00:00:00tC-1w2014-03-11yBK